Bonnet de soutien-gorge et pays (click quiz) - Statistiques

Statistiques générales
  • Ce quiz a été pris 58 fois
  • Le résultat moyen est 6 sur 8
Statistiques - réponses
Hint Réponse % Correct
B Biélorussie
87%
E Espagne
83%
G Géorgie
80%
A Allemagne
78%
C Chine
78%
F France
78%
H Hongrie
76%
D Danemark
74%
Aucun quiz correspondant
Distribution des résultats
% des personnes avec chaque résultat
Percentile par nombre de réponses
Votre historique - résultats
Vous n’avez pas pris ce quiz